| 000 | 00639nam a2200193 a 4500 | ||
|---|---|---|---|
| 999 |
_c11 _d11 |
||
| 001 | 11 | ||
| 003 | CDMR | ||
| 005 | 20211209120413.0 | ||
| 008 | 130130s1975||||||||||||||||||||||||||||d | ||
| 020 | _a8433490028 | ||
| 040 |
_aCDMR _bcat _cCDMR |
||
| 100 |
_aCela Conde, Camilo José _94758 |
||
| 245 | 1 | 3 |
_aEl reto de los halcones _b: antología de la prensa apocalíptica española en la apertura (febrero de 1974 - junio de 1975) _cCamilo J. Cela Conde ; prólogo de Dionisio Ridruejo |
| 260 |
_aMadrid _c1975 _bJúcar |
||
| 300 | _a271 p. | ||
| 490 | 0 |
_aLa Vela Latina _aGalería |
|
| 650 | 0 | 4 |
_94090 _aPremsa i política _zEspanya |
| 942 |
_cMON _2ddc |
||